000 00698nam a22002417a 4500
008 130422b xxu||||| |||| 00| 0 eng d
020 _a019438926x
037 _cavailable
_fnot for issue
040 _aMBSTU Library
_dMBSTU Library
082 _222
_a418 SWP
100 _aSwan, Michael
245 _aPractical English Usages; international students edition
250 _a2nd edition
260 _aNew York
_bOxford University Press
_c2002
300 _a13cm
_b654 page
_f1
_g13cm
600 _aEnglish Language
650 _2English Language
700 _aSwan Michael
270 _aNew York, USA
_bNEW York
_dUSA
365 _b288.00
_d288.00
942 _2ddc
_cBK
999 _c177
_d177